Revelation (Record no. 6050)
[ view plain ]
| 000 -LEADER | |
|---|---|
| fixed length control field | 00602nam a2200229 a 4500 |
| 020 ## - INTERNATIONAL STANDARD BOOK NUMBER | |
| ISBN | |
| 082 00 - DEWEY DECIMAL CLASSIFICATION NUMBER | |
| Classification number | 228 |
| Author Cutter | DEH |
| 100 ## - MAIN ENTRY--AUTHOR NAME | |
| Author name | Dehaan, M R |
| 245 ## - TITLE STATEMENT | |
| Title | Revelation |
| Sub title | 35 Simple Studies in the Major Themes in Revelation. |
| 260 ## - PUBLICATION, DISTRIBUTION, ETC. (IMPRINT) | |
| Place of publication | Michigan |
| Name of publisher | Zondervan Publishing House |
| Year of publication | 1973 |
| 500 ## - GENERAL NOTE | |
| General note | includes index and biblioraphy |
| 505 2# - FORMATTED CONTENTS NOTE | |
| Formatted contents note | Index |
| 650 ## - SUBJECT ADDED ENTRY--TOPICAL TERM | |
| Topical Term | Apocalyptic Literature |
| 942 ## - ADDED ENTRY ELEMENTS (KOHA) | |
| Koha item type | Books |
| 700 1# - | |
| -- | Dehaan, M R |
| Collection code | Home library | Current library | Date acquired | Cost, normal purchase price | Full call number | Accession Number | Koha item type |
|---|---|---|---|---|---|---|---|
| Henry Martyn Institute Library | Henry Martyn Institute Library | 06/21/2007 | 177.75 | 228 DEH | 07820 | Books |
